Jangan bersedih : Don't be sad

Bibliographic Details
Main Author: Al-Qarni, 'Aidh Abdullah
Other Authors: Mohd. Sofwan Amrullah
Format: Book
Published: Kuala Lumpur : Jasmin Enterprise , 2004
Subjects:

MARC

LEADER 00000cam a2200000 7i4500
001 0000003558
005 20060621.0
020 0 0 |a 983312836X 
090 0 0 |a 158   |b QAR 
100 1 0 |a Al-Qarni, 'Aidh Abdullah 
245 1 0 |a Jangan bersedih :   |b Don't be sad   |c 'Aidh bin Abdullah Al-Qarni, alihbahasa Mohd. Sofwan Amrullah 
260 0 0 |a Kuala Lumpur :   |b Jasmin Enterprise ,   |c 2004 
300 |a xviii, 592ms. ;   |c 21cm. 
500 0 0 |a Mengandungi ayat-ayat Quran 
650 0 0 |a Quality of life 
650 0 0 |a Self-actualization (Psychology) 
650 0 0 |a Self-realization 
700 1 1 |a Mohd. Sofwan Amrullah 
999 |a 0000006903   |b Monograph   |c Open Shelf   |e Default branch